MDQL
is popping MORE tags! Check the
thread
!
Quizzes
Events
Quiz Creation
Community
Videos
Private Events
Remove Ads
Sign In
Join for FREE
Feedback
Dark Mode
Quiz Categories
Sports
Geography
Music
Movies
Television
Just For Fun
Miscellaneous
History
Literature
Language
Science
Gaming
Entertainment
Religion
Holiday
For Kids
Quiz Lab
Recent
Popular Today
Quiz Kudos Today
Editor Picks
Curator Picks
Quizzes by...
Day
Popularity
Type
Ratings
Length
Year
Community
Subscriptions
Recent Discussions
Orange Saloon
Badges
Playlists
Quests
Create
Leaderboards
Showdown
Live 5
Trivia Bingo
Activity
Puzzle Library
Sporcle Events
Private Events
Virtual Trivia
Globe League
Become a Host
Pub Owners
SporcleCon
Opinionation
Our Games
Videos
Blog
Mobile Apps
Partnerships
Remove Ads and Go Orange
Feedback
Miscellaneous
Crossword
General Knowledge
Baby Names
Logo
Food
Cars
Numbers
Grab Bag
University
College
Popular
Company
Slogans
Restaurants
Justice
Letter
Miscellaneous
Crossword
General Knowledge
Baby Names
Logo
Food
Cars
Numbers
Grab Bag
University
College
Popular
Company
Slogans
Restaurants
Justice
Letter
Random Quiz
Search Sporcle
×
Quiz Lab
Quiz Lab
Miscellaneous
pardons
Type in answers that appear in a list
Type in answers that appear in a list
Classic
Best Score? Go Orange.
Pardoisms Stats
Can you name the Pardoisms?
By
calvinbudnick
6m
16 Questions
200 Plays
200 Plays
200 Plays
Comments
Comments
Give Quiz Kudos
Give Quiz Kudos
-
- Ratings
hide this ad
Replay
Link that replays current quiz
Next Quiz
Link to next quiz in quiz playlist
You Got
0%
They Got
Avg Score
68%
Avg Friend Score
Upgrade to see
Score Distribution
Jump to the score distribution portion of the page
Score
0/16
Timer
06:00
0
Plays Today
Hint
Pardoism
% Correct
Jimmy's phrase for the popular online auctioning site (2 words)
Electronic Bay
91.5%
When Jimmy closes out the show, he refers to Matt as the (1 word)
Producer/Entrepreneur
89%
Jimmy closes out every episode of NNF with this line (3 words)
Onnnnnnnnn the podcast/Onnnnnnnnn the primo
86.5%
According to Jimmy, a gentleman's footwear is referred to as this (2 words)
Hard shoe
86.5%
Jimmy's phrase for the popular Apple MP3 product (2 words)
Information Pod
83%
What would normally be an insult, jimmy uses this word lovingly (1 word)
Idiot!
78.5%
When someone understands a joke, Jimmy enjoys shouting this to nobody in particular (3 words)
He/She gets it!
74%
Jimmy agrees with Mandy Patinkin that the trouble with the world today is... (5 words)
Coffee in a Cardboard Cup
71%
Hint
Pardoism
% Correct
Jimmy says this to open up the podcast (9 words)
Hello everybody and indeed, welcome to Never Not Funny.
66.5%
Heat up a French Dip and Jimmy might refer to it as this (2 words)
Hot sandwich
65.5%
Jimmy can neither confirm norrr... (2 words)
Deny that
57%
How Jimmy might choose to describe 2 years (Hint: 3 digits)
104 Weeks/730 Days
53.5%
Our guest is _
_
_
_
_
, We're .... (4 words)
Lucky to have him/her
52.5%
Jimmy's roundabout and double negative way of agreeing with somebody (3 words)
I don't disagree
48%
If Jimmy likes a joke, he might refer to it as a... (4 words)
Nice piece of business
46%
When Jimmy is intrigued by someone, he might say this famous Pardoism to them (6 words)
You fascinate me/I gotta know everything about you
44%
Quiz Playlist
Details
Report
Send in Message
Add To Playlist
Classic:
Type in answers that appear in a list
Last Updated: Feb 16, 2017
Quiz Scoreboard
CHALLENGE
Sign Up to Join the Scoreboard
Show All
Scores
Hide
Comments
May contain spoilers
Recently Published
Colored Red Africa Blitz
by spor1
Geography
30s
Find the 'City' Movie
by crazypaving
Movies
60s
5x2 Blitz: Bands
by SL_Kpop136
Music
30s
More to Explore
Quiz From the Vault
Featured Blog Post
14 Easter Pick-up Lines to Find Eggs With
hide this ad
You Might Also Like...
Tags
pardons
Today's Top Quizzes in Miscellaneous
Browse Miscellaneous
hide this ad
Top Contributed Quizzes in Miscellaneous
1
5-to-1: Fast Food
2
The JOE quick-fire general knowledge quiz: Day 174
3
9x9 Crossword: Disney Movie Titles
4
9x9 Crossword: Charlie and the Chocolate Factory
5
9x9 Crossword: 2022 Movies
6
9x9 Crossword: Pixar Movie Titles
7
9x9 Crossword: Actors
8
9x9 Crossword: Flags
9
9x9 Crossword: Mario
10
9x9 Crossword: The Simpsons
Explore More
Trending Topics
Harry Potter
Marvel
NBA
Kpop
Crossword
Anime
Disney
WWE
Puzzle
Country
Pokémon
The Office
NFL
Song
Soccer
hide this ad
More By:
calvinbudnick
Quiz
Plays
Rating
Category
Featured
Created
Periodic Table Movies
122,290
4.64
Movies
Feb 6, 2010
Red or White?
51,098
3.81
Miscellaneous
May 17, 2010
Name A Movie That They Died In
8,055
4.14
Movies
Feb 26, 2010
30 Rock Quotes
4,016
3.79
Television
Dec 15, 2009
Most McDonalds Per Capita
3,459
4.32
Geography
Nov 2, 2009
Go to Creator's Profile
Score Distribution
Quiz Creator Spotlight
calvinbudnick
Follow
Send a Message
Quizzes Created
-
Created Quiz Play Count
-
More By This Creator
Popular Quizzes Today
1
Colored Red Africa Blitz
2
Find the 'City' Movie
3
5x2 Blitz: Bands
4
Find the US States - No Outlines Minefield
5
The Countries of the World
6
Find the US States
7
US States
8
Find the Countries of Europe - No Outlines Minefield
More Miscellaneous Quizzes
Power 5 Minefield
Curator's Pick
Trending Quizzes
Colored Red Europe Blitz I
Colored Red Europe Blitz II
Colored Red Africa Blitz II
Colored Red Europe Blitz III
Colored Red Africa Blitz III
Recently Updated
How Do You Spell That?
pecheneg
Godzilla Movies
pecheneg
Grab Bag: 4-10 Letters
pecheneg
2024 March Madness Bracket
pecheneg
Famous TV Couples
Peacemaker
Champions League XIs: Real Madrid
pecheneg
Largest US Cities 1790-2010
pecheneg
Rides in Walt Disney World
pecheneg
Most Oscar Losses (Acting)
pecheneg
Beyoncé Albums
pecheneg
Trending Topics
Harry Potter
NBA
Anime
Kpop
Crossword
Disney
Marvel
NFL
Puzzle
Song
Country
Pokémon
The Office
Soccer
WWE
Your Account Isn't Verified!
In order to create a playlist on Sporcle, you need to verify the email address you used during registration. Go to your
Sporcle Settings
to finish the process.
Report this User
Report this user for behavior that violates our
Community Guidelines
.
Details:
Send Report
Go to the Sporcle.com Mobile Site →
Comments